LEADER 01193nam--2200373---450- 001 990001963970203316 005 20100520134235.0 010 $a978-88-6036-391-6 035 $a000196397 035 $aUSA01000196397 035 $a(ALEPH)000196397USA01 035 $a000196397 100 $a20040830d2009----km-y0itay50------ba 101 0 $aita 102 $aIT 105 $ay|||||||001yy 200 1 $aRockefeller d'Italia$eGerolamo Gaslini imprenditore e filantropo$fParide Rugafiori 210 $aRoma$cDonzelli$d2009 215 $aXI, 206 p.$d21 cm 225 2 $aSaggi$iStoria e scienze sociali 300 $aSottotitolo in copertina: la storia del fondatore del pił importante ospedale pediatrico italiano 410 0$12001$aSaggi$iStoria e scienze sociali 600 1$aGaslini,$bGerolamo$2BNCF 676 $a338.7092 700 1$aRUGAFIORI,$bParide$048788 801 0$aIT$bsalbc$gISBD 912 $a990001963970203316 951 $aX.3.B. 5644$b218233 L.M.$cX.3.B.$d00258735 959 $aBK 969 $aUMA 979 $aSIAV3$b10$c20040830$lUSA01$h1330 979 $aANNAMARIA$b90$c20100520$lUSA01$h1342 996 $aRockefeller d'Italia$91044323 997 $aUNISA LEADER 02196nam 2200553 450 001 9910818370903321 005 20230422033743.0 010 $a3-11-080259-7 024 7 $a10.1515/9783110802597 035 $a(CKB)3800000000418924 035 $a(MiAaPQ)EBC5157531 035 $a(DE-B1597)42575 035 $a(OCoLC)992472302 035 $a(DE-B1597)9783110802597 035 $a(Au-PeEL)EBL5157531 035 $a(CaPaEBR)ebr11567749 035 $a(OCoLC)1039687410 035 $a(EXLCZ)993800000000418924 100 $a20180619d1999 uy 0 101 0 $aeng 135 $aurcnu|||||||| 181 $ctxt$2rdacontent 182 $cc$2rdamedia 183 $acr$2rdacarrier 200 10$aChantyal dictionary and texts /$fby Michael Noonan ; with Ram Prasad Bhulanja, Jag man Chhantyal, William Pagliuca 205 $aReprint 2017 210 1$aBerlin ;$aNew York :$cMouton de Gruyter,$d1999. 215 $a1 online resource (615 pages) $cillustrations 225 1 $aTrends in Linguistics Documentation ;$v17 311 $a3-11-016240-7 320 $aIncludes bibliographical references (pages [605]-615). 327 $tFrontmatter -- $tContents -- $tAbbreviations -- $tChantyal: Introduction and typological sketch -- $tEnglish-Chantyal dictionary -- $ta -- $tb -- $tc -- $td -- $te -- $tf -- $tg -- $th -- $ti -- $tj -- $tk -- $tl -- $tm -- $tn -- $to -- $tp -- $tq -- $tr -- $ts -- $tt -- $tu -- $tv -- $tw -- $ty -- $tKinship Charts -- $tChantyal-English index -- $tChantyal discourses -- $tReferences -- $tBackmatter 410 0$aTrends in linguistics.$pDocumentation ;$v17. 606 $aChantel language$vDictionaries$xEnglish 606 $aNepali language$xDialects$xTexts$vDictionaries 615 0$aChantel language$xEnglish. 615 0$aNepali language$xDialects$xTexts 676 $a495/.4 700 $aNoonan$b Michael$g(Michael P.),$0183846 702 $aBhulanja$b Ram Prasad 702 $aChhantyal$b Jag Man 702 $aPagliuca$b William 801 0$bMiAaPQ 801 1$bMiAaPQ 801 2$bMiAaPQ 906 $aBOOK 912 $a9910818370903321 996 $aChantyal dictionary and texts$93988876 997 $aUNINA